Представление документа в формате RUSMARC

ПолеНазваниеЗначение
  Тип записи a
  Библиографический уровень m
001 Контрольный номер 91ba7a15a5e849bd8337d466d2a61e2b
005 Дата корректировки 20260416092420.2
010 Индекс ISBN __
a ISBN 978-5-6045435-0-4
100 Данные общей обработки __
a Данные общей обработки 20260415d2020 k y0rusy028902 ca
101 Язык документа 0_
a Язык текста rus
102 Страна публикации __
a Страна публикации RU
105 Кодированные данные (монография) __
a Кодированные данные (монография) y z 000yy
181 Поле кодированных данных: вид содержания _0
a Код вида содержания (ISBD) i
182 Поле кодированных данных: тип средства _0
a Код типа средства (ISBD) n
200 Заглавие и сведения об ответственности 1_
a Заглавие Вехи сибирской истории
e Сведения, относящиеся к заглавию [в 3 томах]
f Первые сведения об ответственности Вячеслав Софронов
203 Вид содержания и тип средства __
a Вид содержания Текст
c Тип средства непосредственный
210 Выходные данные 1_
a Место издания Тюмень
c Издательство Общество русской культуры
d Дата издания 2020
330 Аннотация __
a Аннотация "Вехи сибирской истории" - издание научных трудов известного тобольского историка и писателя Вячеслава Софронова. Первый том посвящен миссионерской и духовно-просветительской деятельности Русской православной церкви в Западной Сибири, отношениям между православием и исламом. При этом речь в книге идет не только о Западной, но и Восточной Сибири, об Алтае. Второй том рассказывает о воеводском управлении, существовавшем в Сибири в XVII – начале XVIII вв. Третий том повествует о незаурядных личностях, чьи судьбы были связаны с Тобольском на протяжении более чем четырех веков его существования, и, по сути, представляет не только исторический труд, но и занимательные истории. Том завершается разделом об истории семьи Менделеевых.
606 Тематические рубрики __
2 Код системы nlr_sh
a Основная рубрика История
606 Тематические рубрики __
2 Код системы nlr_sh
a Основная рубрика История России в целом
y Географическая подрубрика Сибирь
z Хронологическая подрубрика 17 в.
z Хронологическая подрубрика 18 в.
z Хронологическая подрубрика 19 в.
z Хронологическая подрубрика 20 в.
610 Ключевые слова 0_
a Ключевые слова история Сибири
610 Ключевые слова 0_
a Ключевые слова сибирское миссионерство
610 Ключевые слова 0_
a Ключевые слова православная церковь
610 Ключевые слова 0_
a Ключевые слова освоение Сибири
610 Ключевые слова 0_
a Ключевые слова православие в Сибири
610 Ключевые слова 0_
a Ключевые слова христианизация Сибири
610 Ключевые слова 0_
a Ключевые слова коренное население Сибири
610 Ключевые слова 0_
a Ключевые слова народы Сибири
610 Ключевые слова 0_
a Ключевые слова старообрядчество
610 Ключевые слова 0_
a Ключевые слова краеведение
610 Ключевые слова 0_
a Ключевые слова воеводство
610 Ключевые слова 0_
a Ключевые слова сибирские походы
610 Ключевые слова 0_
a Ключевые слова сибирское ханство
610 Ключевые слова 0_
a Ключевые слова исторические личности
610 Ключевые слова 0_
a Ключевые слова сибиряки
686 Индексы других классификаций __
2 Код системы rubbks
a Классификационный индекс К63.3(253)
700 Автор _1
a Фамилия Софронов
b Имя В. Ю.
f Даты 1949-
g Полное личное имя Вячеслав Юрьевич
4 Код отношения 070
801 Источник записи _0
a Страна RU
b Организация Муниципальное бюджетное учреждение культуры "Централизованная библиотечная система" г. Сургут (Центральная городская библиотека им. А. С. Пушкина)
c Дата составления 20260415
g Правила каталогизации PSBO
801 Источник записи _1
a Страна RU
b Организация Муниципальное бюджетное учреждение культуры "Централизованная библиотечная система" г. Сургут (Центральная городская библиотека им. А. С. Пушкина)
c Дата составления 20260415
g Правила каталогизации PSBO
852 Данные о местонахождении __
i Авторский знак С 68
j Шифр хранения К63.3(253)
901 Тип документа __
a Ответственный КиК/Обаева
t Тип документа v
901 Тип документа __
a Ответственный без партии
903 Характеристики (МАРС) __
a Дата передачи 20260415
c Наименование библиотеки (МАРС) Муниципальное бюджетное учреждение культуры "Централизованная библиотечная система" г. Сургут (Центральная городская библиотека им. А. С. Пушкина)
969 Тип издания __
a Тип издания научное издание